Statistics for People by Picture - I

Click here to take the quiz!

General Stats

  • This quiz has been taken 186 times
  • The average score is 7 of 15

Answer Stats

Answer% Correct
Isaac Newton
85%
Ian McKellen
77%
Ivanka Trump
66%
Idris Elba
65%
Indira Gandhi
60%
Ice Cube
60%
Iggy Pop
58%
Iggy Azalea
49%
Ian Thorpe
38%
Ioan Gruffudd
27%
Idina Menzel
23%
Isambard Kingdom Brunel
23%
Immanuel Kant
14%
Igor Stravinsky
13%
Inigo Jones
5%

Score Distribution

Percentile by Number Answered

Percent of People with Each Score

Your Score History

You have not taken this quiz